Business model and activity file for business in action / (Record no. 383)
[ view plain ]
| 000 -LEADER | |
|---|---|
| fixed length control field | 00708nam a2200217 a 4500 |
| 001 - CONTROL NUMBER | |
| control field | 383 |
| 005 - DATE AND TIME OF LATEST TRANSACTION | |
| control field | 20221127085927.0 |
| 008 - FIXED-LENGTH DATA ELEMENTS--GENERAL INFORMATION | |
| fixed length control field | 050920s lxxua 00000 eng d |
| 020 ## - INTERNATIONAL STANDARD BOOK NUMBER | |
| International Standard Book Number | 007005567X : |
| Terms of availability | SR90.00 |
| 035 ## - SYSTEM CONTROL NUMBER | |
| System control number | 396 |
| 082 04 - DEWEY DECIMAL CLASSIFICATION NUMBER | |
| Classification number | 658 |
| Item number | B548 1988 |
| 100 1# - MAIN ENTRY--PERSONAL NAME | |
| Personal name | Bittel, Lester R. |
| 245 10 - TITLE STATEMENT | |
| Title | Business model and activity file for business in action / |
| Statement of responsibility, etc. | Lester Bittel, Ronald Burke, Charles Bilbrey. |
| 250 ## - EDITION STATEMENT | |
| Edition statement | 3rd ed. |
| 260 ## - PUBLICATION, DISTRIBUTION, ETC. | |
| Place of publication, distribution, etc. | New York : |
| Name of publisher, distributor, etc. | Gregg Division/McGraw-Hill, |
| Date of publication, distribution, etc. | 1988. |
| 300 ## - PHYSICAL DESCRIPTION | |
| Extent | vi, 216 p. : |
| Other physical details | ill. ; |
| Dimensions | 26 cm. |
| 650 #4 - SUBJECT ADDED ENTRY--TOPICAL TERM | |
| Topical term or geographic name entry element | Industrial management |
| Geographic subdivision | United States |
| 650 #4 - SUBJECT ADDED ENTRY--TOPICAL TERM | |
| Topical term or geographic name entry element | Business enterprises |
| 700 1# - ADDED ENTRY--PERSONAL NAME | |
| Personal name | Burke, Ronald S., |
| Relator term | jt. auth. |
| 700 1# - ADDED ENTRY--PERSONAL NAME | |
| Personal name | Bilbrey, Charles P., |
| Relator term | jt. auth. |
| Withdrawn status | Lost status | Source of classification or shelving scheme | Damaged status | Not for loan | Home library | Current library | Date acquired | Total Checkouts | Full call number | Barcode | Date last seen | Copy number | Price effective from | Koha item type |
|---|---|---|---|---|---|---|---|---|---|---|---|---|---|---|
| CENTRAL | CENTRAL | 11/27/2022 | 658 B548 1988 | 1000000000287 | 11/27/2022 | C2 | 11/27/2022 | Book | ||||||
| KHOBAR | KHOBAR | 11/27/2022 | 658 B548 1988 | 1000000000286 | 11/27/2022 | C1 | 11/27/2022 | Book |
